000 00407cam a2200169ua 4500
020 _c595.00
041 _aeng
_h
082 _a635
_bGUP/IN
100 _aGupta, Prakash .
245 _aIndian medicinal plants Vol.1 /
_cPrakash Gupta.
_hTextual Documents
260 _aDelhi :
_bOriginals ,
_c2003.
300 _a ; .
365 _a595.00
504 _a
942 _cBK
999 _c13487
_d13487